| 000 | 00735nam a2200229 u 4500 | ||
|---|---|---|---|
| 005 | 20240920064131.0 | ||
| 008 | 170126s2006 eu r 000 0 spa d | ||
| 020 | _a1404274553 | ||
| 035 | _aUPN01000215607 | ||
| 049 | _aI | ||
| 050 | 4 |
_aP118 _bK4.6 |
|
| 100 | 1 |
_aKernan, Elizabeth _933318 |
|
| 245 | 1 | 1 |
_a¿Qué puedes hacer si te pierdes? / _cElizabeth Kernan ; tr. José María Obregón. |
| 260 |
_aNew York : _bRosen, _c2006. |
||
| 300 |
_a8 p. : _bprincipalmente il. col. |
||
| 440 | 0 |
_aRosen classroom books & materials. _pRosen real readers en español |
|
| 650 | 4 |
_aNiños _xLenguaje _95709 |
|
| 650 | 2 |
_aDesarrollo del lenguaje _97939 |
|
| 650 | 4 |
_aEducación de niños _95387 |
|
| 905 | _aInfantil | ||
| 999 |
_c187707 _d187707 |
||